| 000 | 00751nam a2200229Ia 4500 | ||
|---|---|---|---|
| 003 | OSt | ||
| 005 | 20240902165958.0 | ||
| 008 | 220927b |||||||| |||| 00| 0 hin d | ||
| 020 |
_c9000 _a9788183303422 |
||
| 037 |
_b1561, 24/10/2011, Kiran Book Service _cTextual |
||
| 040 |
_aSDCL _cSDCL _bhin |
||
| 041 |
_2hin _ahin |
||
| 082 | _aD6,8(B)k 152Q1.10 RR | ||
| 100 |
_aParik, Seema _9485663 |
||
| 245 | 0 | _aComputer vigyan vishvkosh. | |
| 260 |
_aNew Delhi _bArjun Publishing _c2011 |
||
| 300 | _a291p. | ||
| 490 |
_vV1:232p. _aVolume 10: Jawa programming course |
||
| 650 |
_aHindi _9391598 |
||
| 942 |
_hD6,8(B)k 152Q1.10 RR _cTEXL _2CC |
||
| 999 |
_c799813 _d799813 |
||